00958nam a2200241Ia 4500001000600000003000900006008004100015040001300056040001300069041001300082100001900095100002900114245003000143245002900173250001100202260001100213260001300224260004900237300005900286500031800345650002200663650003100685A9217IT-RoPAU130308s9999 xx 000 0 und d aIT-RoPAU cIT-RoPAU aITALIANO aRisè Claudio gCodice Aut. SPICS: 10814 aCinema e l'avventura (Il) bStoria del Cinema (La)-3 a1a ed. aMILANO bVallardi c1966 [1° Ed.:1966 - Ed.Ling.Originale:1966] a"24 p. (prefazione: no ; testo: 24 [pagine: 112-135])" aAttraverso la regola dell'Imprevisto e Il meccanismo catartico dell'Evasione Cinematografica, Lo spettatore si libera della Noia, della Vita Programmata, dell'Accumularsi di Sentimenti, di Emozioni Invischianti Propri delle Cose che Lo Circondano. Spie e Agenti Segreti. pirateria e Simpatia. Testimonianze Varie. aSTORIA DEL CINEMA eCodice materia Spics: 6808